000
00307nam a22001217a 4500
008
181017b xxu||||| |||| 00| 0 eng d
041
_a
eng
080
_2
1st
_a
620
100
_a
26
101
_a
MEK
245
_a
Mathematical and Physical Principles of Engineering Analysis
_c
Johnson,W.C
942
_2
udc
_c
BK
999
_c
50056
_d
50056